[Event "Titled Tuesday intern op 06th Feb Early"]
[Site "Chess.com INT"]
[Date "2024.02.06"]
[Round "2"]
[White "Avramidou, Anastasia"]
[Black "Shirov, Alexei"]
[Result "0-1"]
[WhiteElo "2287"]
[BlackElo "2660"]
[PlyCount "70"]
[EventDate "2024.02.06"]
[EventType "swiss (blitz)"]
[EventRounds "11"]
[EventCountry "USA"]
[SourceTitle "CB07_2024"]
[SourceDate "2024.02.14"]
[SourceVersion "1"]
[SourceVersionDate "2024.02.14"]
[SourceQuality "1"]

1. Nf3 d5 2. c4 c6 3. cxd5 cxd5 4. g3 Nc6 5. Bg2 e5 6. d3 Nf6 7. 0-0 Be7 8. Nc3 0-0 9. Bg5 Be6 10. a3 Rc8 11. Rc1 d4 12. Bxf6 Bxf6 13. Ne4 Be7 14. Nc5 Bd5 15. b4 b6 16. Nb3 Bd6 17. Nbd2 a5 18. b5 Na7 19. a4 Qe7 20. Nh4 Be6 21. Nc4 Bxc4 22. dxc4 f5 23. Bd5+ Kh8 24. Qd3 Qf6 25. Rcd1 Bc5 26. e4 dxe3 27. fxe3 f4 28. Ng2 Qh6 29. Qe4 fxe3 30. Rxf8+ Rxf8 31. Kh1 Nc8 32. Re1 Nd6 33. Qxe5 Nf5 34. g4 Bd6 35. g5 Qh5 0-1

[Event "Titled Tuesday intern op 06th Feb Late"]
[Site "Chess.com INT"]
[Date "2024.02.06"]
[Round "2"]
[White "Bettalli, Francesco"]
[Black "Shirov, Alexei"]
[Result "1/2-1/2"]
[WhiteElo "2300"]
[BlackElo "2660"]
[PlyCount "69"]
[EventDate "2024.02.06"]
[EventType "swiss (blitz)"]
[EventRounds "11"]
[EventCountry "USA"]
[SourceTitle "CB07_2024"]
[SourceDate "2024.02.14"]
[SourceVersion "1"]
[SourceVersionDate "2024.02.14"]
[SourceQuality "1"]

1. e4 e5 2. Nf3 Nc6 3. d4 exd4 4. Nxd4 Qf6 5. Nf3 Bb4+ 6. c3 Bc5 7. Be2 Nge7 8. 0-0 d6 9. Bg5 Qg6 10. b4 Bb6 11. Nbd2 Bh3 12. b5 Ne5 13. Kh1 Bxg2+ 14. Kxg2 h6 15. Nxe5 dxe5 16. h4 hxg5 17. h5 Qf6 18. Bg4 Rd8 19. Qe2 Qf4 20. Nc4 Ng6 21. Rad1 Nh4+ 22. Kh3 0-0 23. Rd3 Rxd3+ 24. Qxd3 Bxf2 25. Nxe5 Qxe5 26. Rxf2 Re8 27. Qc4 Re7 28. Re2 Kh7 29. a4 Qf4 30. Qd3 Kh6 31. Qd8 Qf1+ 32. Kh2 Qf4+ 33. Kh3 Qf1+ 34. Kh2 Qf4+ 35. Kh3 1/2-1/2

[Event "Titled Tuesday intern op 06th Feb Late"]
[Site "Chess.com INT"]
[Date "2024.02.06"]
[Round "10"]
[White "Kovalenko, Igor"]
[Black "Shirov, Alexei"]
[Result "0-1"]
[WhiteElo "2674"]
[BlackElo "2660"]
[PlyCount "98"]
[EventDate "2024.02.06"]
[EventType "swiss (blitz)"]
[EventRounds "11"]
[EventCountry "USA"]
[SourceTitle "CB07_2024"]
[SourceDate "2024.02.14"]
[SourceVersion "1"]
[SourceVersionDate "2024.02.14"]
[SourceQuality "1"]

1. c4 c6 2. Nf3 d5 3. e3 Nf6 4. Nc3 Nbd7 5. Qc2 e5 6. cxd5 Nxd5 7. Be2 Bd6 8. 0-0 0-0 9. a3 N7f6 10. d3 Bg4 11. h3 Bh5 12. Bd2 Nd7 13. Ne4 Be7 14. Ng3 Bg6 15. Rad1 Rc8 16. Qc1 c5 17. b3 f6 18. Qb2 Bf7 19. Nf5 Be6 20. Nxe7+ Qxe7 21. Rc1 Rc6 22. b4 Rfc8 23. b5 Rd6 24. Rfd1 Bf7 25. Be1 Re8 26. Nd2 f5 27. Nc4 Rg6 28. Bf1 f4 29. Bd2 f3 30. g3 Qh4 31. Kh2 Qh5 32. e4 N5f6 33. Ne3 Be6 34. Nf5 Bxf5 35. exf5 Qxf5 36. Rc4 Nb6 37. Rxc5 Qh5 38. Re1 Kh8 39. Kg1 Qh4 40. Kh2 Ng4+ 41. Kg1 Nxf2 42. Kxf2 Qxg3+ 43. Ke3 Qf4+ 44. Kf2 Qg3+ 45. Ke3 f2+ 46. Ke2 Rf6 47. Bb4 fxe1Q+ 48. Bxe1 Qh2+ 49. Kd1 Qxb2 0-1

[Event "Titled Tuesday intern op 06th Feb Late"]
[Site "Chess.com INT"]
[Date "2024.02.06"]
[Round "9"]
[White "Kramnik, Vladimir"]
[Black "Shirov, Alexei"]
[Result "0-1"]
[WhiteElo "2753"]
[BlackElo "2660"]
[PlyCount "82"]
[EventDate "2024.02.06"]
[EventType "swiss (blitz)"]
[EventRounds "11"]
[EventCountry "USA"]
[SourceTitle "CB07_2024"]
[SourceDate "2024.02.14"]
[SourceVersion "1"]
[SourceVersionDate "2024.02.14"]
[SourceQuality "1"]

1. e4 e5 2. Nf3 Nc6 3. g3 Nf6 4. d3 d5 5. exd5 Nxd5 6. Bg2 Be7 7. 0-0 0-0 8. Re1 Bf6 9. Nbd2 Bg4 10. h3 Bh5 11. c3 Re8 12. a4 Bg6 13. Ne4 Be7 14. a5 a6 15. Qb3 Rb8 16. Nh4 Bxh4 17. gxh4 Nf4 18. Bxf4 exf4 19. d4 Qxh4 20. Nd2 Bh5 21. Qxb7 Ne7 22. Qxa6 Rxb2 23. Qd3 Bg6 24. Qe2 Bh5 25. Nf3 Rxe2 26. Nxh4 Nc8 27. Rxe2 Bxe2 28. Bc6 Rd8 29. Re1 Ba6 30. Nf5 Kf8 31. Rb1 g6 32. Nh4 Ne7 33. Be4 g5 34. Nf3 f5 35. Bc2 h6 36. Ne5 Rd5 37. Rb8+ Kg7 38. Re8 Nc8 39. Bb3 Rxa5 40. Rg8+ Kh7 41. Rd8 Nb6 0-1